al-Risālah al-ʻadhrā /

محفوظ في:

المؤلف الرئيسي: Ibn al-Mudabbir, Ibrāhīm ibn Muḥammad, -892 or 893 (مؤلف)

مؤلفون آخرون: Zakī Mubārak.

التنسيق: كتاب

اللغة: Arabic
French

منشور في: al-Qāhirah : Maṭbaʻat Dār al-Kutub al-Miṣrīyah, 1931.

الطبعة: al-Ṭabʻah 2.

الموضوعات:

الوسوم: إضافة وسم

لا توجد وسوم, كن أول من يضع وسما على هذه التسجيلة!

رقم الطلب: PJ6161 .I26 1931

LEADER 01722nam a2200301Ia 4500
003 OSt
005 20230925115920.0
008 130303s1931 ua b 001 0 ara d
952 |0 0  |1 0  |2 lcc  |4 0  |6 PJ6161 I26 01931  |7 1  |9 50225  |a ARCE  |b ARCE  |d 2023-09-25  |l 0  |o PJ6161 .I26 1931  |p 1029123  |r 2023-09-25 00:00:00  |w 2023-09-25  |y BK 
999 |c 26861  |d 26861 
040 |c ARCE Library 
041 0 |a ara  |a fre 
043 |a aw-----  |a ff-----  |a e-sp--- 
050 4 |a PJ6161 .I26 1931 
100 1 |6 880-01  |a Ibn al-Mudabbir, Ibrāhīm ibn Muḥammad,  |d -892 or 893,  |e author 
245 1 3 |6 880-02  |a al-Risālah al-ʻadhrā /   |c li-Ibrāhīm ibn al-Mudabbir ; muṣaḥḥaḥah wa-mashrūḥah maʻa muqaddimah mufaṣṣalah bi-al-Firansīyah ʻan fann al-inshāʼ wa-madhāhib al-kuttāb fī al-qarn al-thālith bi-qalam Zakī Mubārak. 
250 |a al-Ṭabʻah 2. 
264 1 |a al-Qāhirah :   |b Maṭbaʻat Dār al-Kutub al-Miṣrīyah,   |c 1931. 
300 |a 52, 32 pages ;  |c 28 cm. 
504 |a Includes bibliographical references and index. 
546 |a Text in Arabic and French. 
650 0 |a Arabic language  |x Rhetoric. 
651 0 |a Islamic Empire  |x Officials and employees  |v Early works to 1800. 
700 0 |a Zakī Mubārak. 
880 1 |6 100-01/(3/r  |a ابن المدبر، ابراهيم بن محمد،‪‪‪‪‪‪‪‪‪‪‪  |d -892 أو 893.‪‪‪‪‪‪‪‪‪‪‪ 
880 1 2 |6 245-02/(3/r  |a الرسالة العذراء   |c لإبراهيم بن المدبر ؛ مصححة و مشروحة مع مقدمة مفصلة بالفرنسية عن فن الإنشاء و مذاهب الكتاب في القرن الثالث بقلم زكي مبارك.‪‪‪‪‪‪‪‪‪‪‪ 
901 |a reviewed 
942 |c BK  |2 lcc